• 首页
  • 本馆介绍
  • 公告通知
  • 最新文献
  • 馆藏检索
  • 电子资源
  • 读者导购
  • 参考咨询
  • 我的图书馆
  • 登录
  • 详细信息显示
  • 放入我的书架
  • 预约/预借图书
  • 作者相关作品
  • 分类相关作品
  • 丛书相关作品
  • 出版社相关作品

书目信息

  • 表格格式
  • 工作单格式
  • 卡片格式
题名:
涨价的世界
    
 
作者: 张捷 著
分册:  
出版信息: 北京   北京出版社  2011
页数: 255页
开本: 24cm
丛书名:
单 册:
中图分类: F820.5
科图分类:
主题词: 通货膨胀--研究 , 通货膨胀
电子资源:
ISBN: 978-7-200-08780-2
000 00827nam0 22002531 450
001 519
005 20140909101709.34
010    @a978-7-200-08780-2@dCNY39.80
100    @a20110715d2011 em y0chiy50 ea
101 0  @achi
102    @aCN@b110000
105    @ay z 000yy
106    @ar
200 1  @a涨价的世界@AZhang Jia De Shi Jie@dThe rising world@f张捷著@FZhang Jie Zhu@zeng
210    @a北京@c北京出版社@d2011
215    @a255页@d24cm
330    @a本书对未来全球经济变局从通胀的角度进行思考,中国应如何应对这场残酷的财富再分配游戏,避免在全球通胀中被掠夺,值得每位有识之士深思。全书分为八章。
510 1  @aRising world@zeng
606 0  @a通货膨胀@x研究
606 0  @a通货膨胀
690    @aF820.5@v5
701  0 @a张捷@AZhang Jie@g(金融)@4著
801  0 @aCN@bTANGWEI@c20140603
905    @b0837033-35@dF820.5@e65@f3
    
    涨价的世界=The rising world/张捷著.-北京:北京出版社,2011
    255页;24cm
    
    
    ISBN 978-7-200-08780-2:CNY39.80
    本书对未来全球经济变局从通胀的角度进行思考,中国应如何应对这场残酷的财富再分配游戏,避免在全球通胀中被掠夺,值得每位有识之士深思。全书分为八章。
●
相关链接 在E读中查询图书 在五车中查询图书 在当当中查询图书 在豆瓣中查询图书


正题名:涨价的世界     索取号:F820.5/65         预约/预借

序号 登录号 条形码 馆藏地/架位号 状态 备注
1 0837033   208370332   第一样本阅览室/ [索取号:F820.5/65] 在馆    
2 0837034   208370341   第一借阅区/ [索取号:F820.5/65] 在馆    
3 0837035   208370350   密集书库-海洋学院/ [索取号:F820.5/65] 在馆    
唐山师范学院图书馆 欢迎您!
大连网信软件有限公司© 版权所有